| 000 | 00548nam a22002057a 4500 | ||
|---|---|---|---|
| 001 | 00028635 | ||
| 005 | 20260325090610.0 | ||
| 008 | 260325b ag ||||| |||| 00| 0 spa d | ||
| 020 | _a9781907410352 | ||
| 040 |
_aAR-CcCEOS _beng _cAR-CcCEOS |
||
| 041 | _aeng | ||
| 080 | _a820-3(73)=20 | ||
| 090 | _bMEY | ||
| 100 | 1 |
_aMeyer, Stephenie, _d1973- _9961 |
|
| 245 |
_aBreaking dawn / _cStephenie Meyer |
||
| 264 |
_aLondon : _bAtom, _cc2008. |
||
| 300 |
_a702 p. ; _c24x15 cm. |
||
| 655 | 0 |
_aliteratura inglesa _vnovela _9904 |
|
| 942 |
_2udc _cBK _n0 |
||
| 999 |
_c28667 _d28667 |
||